Fußballvereine durch einen Hinweis erraten 3 - Statistiken

Allgemein
  • Dieses Quiz wurde 379 mal gespielt
  • Das Durchschnittsergebnis liegt bei 8 aus 15
Antwortstatistiken
Hinweis Verein % Korrekt
Jürgen Klopp's erste Profi Trainer-Station 1.FSV Mainz 05
96%
War 2001 für 4 Minuten, 38 Sekunden Deutscher Meister FC Schalke 04
90%
Die "Rothosen" Hamburger SV
75%
Der "Kugelblitz" schoss diesen Verein 2004 als Torschützenkönig zur deutschen Meisterschaft SV Werder Bremen
73%
Neymar starte bei diesem Verein seine Profi-Karriere FC Santos
71%
Stellte in der Ligue 1 mit sieben aufeinanderfolgenden Meisterschaften einen neuen Ligarekord auf Olympique Lyon
69%
José Mourinho feierte mit diesem Verein seinen ersten Championsleague Titel FC Porto
68%
David Beckham ist einer der Eigentümer dieses Vereins Inter Miami
62%
Rekordmeister der Österreichischen Bundesliga SK Rapid Wien
62%
Andres Iniesta und Lukas Podolski gewannen zusammen bei diesem Verein den nationalen Pokalwettbewerb Vissel Kobe
61%
Spitzenreiter in der Ewigen Tabelle der 2.Bundesliga SpVgg Greuther Fürth
39%
Trägt seine Heimspiele im Ibrox-Stadion aus Glasgow Rangers
36%
Gewann 2009 im Finale gegen Werder Bremen den Uefa Cup Schachtar Donezk
22%
Angela Merkel ist Ehrenmitglied bei diesem Verein Energie Cottbus
19%
Amtierender CAF Champions League Sieger (Afrikanische Championsleague) Wydad Casablanca
4%
Keine übereinstimmenden Quizze gefunden
Verteilung der Resultate
Anzahl Personen mit jedem Resultat
Perzentil nach korrekt beantworteten Fragen
Ihre Resultats-Entwicklung
Sie haben dieses Quiz noch nicht gespielt